Християнська сторінка (Запис № 390895)
[ простий вигляд ]
| 000 -Лідер | |
|---|---|
| fixed length control field | 01082nam a22002897a 4500 |
| 001 - Контрольний номер | |
| control field | 104718 |
| 003 - Ідентифікатор контрольного номера | |
| control field | UA-OsUOA |
| 005 - Дата та час останнього входження (трансакції) | |
| control field | 20220905154704.0 |
| 007 - Фіксоване поле фізичного опису | |
| fixed length control field | ta |
| 008 - Елементи даних фіксованої довжини – загальна інформація | |
| fixed length control field | 20140127b un ||||| |||| 00| 0 ukr d |
| 020 ## - Міжнародний стандартний книжковий номер (ISBN) | |
| Міжнародний стандартний книжковий номер (ISBN) (НП) | 9786175181942 |
| 040 ## - Джерело каталогізації | |
| Агенція оригінальної каталогізації | UA-OsUOA |
| Мова каталогізації | ukr |
| Агенція, яка здійснювала перезапис | UA-OsUOA |
| Агенція, яка здійснювала модифікацію | UA-OsUOA |
| 041 ## - Код мови | |
| Код мови тексту/ звукової доріжки чи окремого заголовка (П) | ukr |
| 080 ## - Індекс Універсальної десяткової класифікації | |
| Індекс Універсальної десяткової класифікації (УДК) (НП) | 23/28 |
| 090 ## - Локальний шифр розміщення | |
| Класифікаційний індекс УДК | 23/28 |
| Авторський знак (НП) | Я46 |
| 100 ## - Основне введення – ім’я особи | |
| Ім’я особи (НП) | Якобчук Л. |
| 245 ## - Відомості про назву | |
| Назва (НП) | Християнська сторінка |
| Решта назви (НП) | за статтями однойменної рубрики журналу "Бористен" (2009–2012 роки) |
| Дані про відповідальність (НП) | Леонід Якобчук, Лев Хмельковський |
| 260 ## - Публікація, розповсюдження і т.п. (Вихідні дані) | |
| Місце публікації, розповсюдження і т.п. (П) | Дніпропетровськ |
| Ім’я/ наймення видавництва, розповсюджувача і т.п. (П) | Пороги |
| Дата публікації, розповсюдження і т.п. (П) | 2012 |
| 300 ## - Фізичний опис | |
| Обсяг | 266 с. |
| 490 ## - Область серії | |
| Назва серії | Бібліотека "Видання журналу "Бористен"" |
| 591 ## - Дарувальник | |
| Назва організації | Пасічник І. Д. |
| 650 #7 - Додаткове предметне введення – тематичний термін | |
| Тематичний термін чи географічна назва, як елемент введення (НП) | 23/28 Християнство. Християнська релігія |
| Джерело заголовка чи терміна | UDC |
| 700 ## - Додаткове введення – ім'я особи | |
| Ім’я особи (НП) | Хмельковський Л. |
| 942 ## - Додаткові елементи входу (Коха) | |
| Тип елемента Koha | Книги |
| Source of classification or shelving scheme | Universal Decimal Classification |
| 955 ## - Код типу видання за змістом | |
| Код типу видання за змістом (НП) | Науково-популярні видання |
| Стан вилучень | Стан втрат | Джерело класифікації або схеми стелажів | Стан уражень | Не для кредиту | Код колекції | Постійне місце розташування | Поточне розміщення | Дата придбання | Джерело придбання | Вартість, звичайна ціна покупки | Інвентарний номер | Усього замовленно | Повний номер виклику | Штрих-код | Дата останнього перегляду | Дата останньої перевірки | Ціна ефективна від | Тип елемента Koha | Примітка, призначена для загального доступу | Вартість, ціна заміни |
|---|---|---|---|---|---|---|---|---|---|---|---|---|---|---|---|---|---|---|---|---|
| Universal Decimal Classification | Колекція Пасічника І.Д. | ЧЗ - Читальна зала | ЧЗ - Читальна зала | 27/01/2014 | 4/2014 | 20.00 | 144806 | 1 | 23/28 Я46 | 144806 | 08/04/2024 | 27/03/2024 | 27/01/2014 | Книги | з автографом Л. Якобчука | |||||
| Universal Decimal Classification | Колекція Кралюка П.М. | ЧЗ - Читальна зала | ЧЗ - Читальна зала | 05/09/2022 | №27/25.08.2022 | 20.00 | 23/28 Я46 | 164880 | 05/09/2022 | 05/09/2022 | Книги | з автографом Л. Якобчука | 20.00 |